Pracovný poriadok

Pracovný poriadok ako právny dokument, ktorý podrobnejšie rozvádza ustanovenia Zákonníka práce podľa podmienok jednotlivých zamestnávateľov, pracovísk a pod. Pracovný poriadok upravuje práva a povinnosti vyplývajúce z pracovného pomeru. Vydávanie pracovných poriadkov zamestnávateľmi na základe ­ 82...

Full description

Saved in:
Bibliographic Details
Format: Book Chapter
Language:Slovak
Subjects:
Tags: Add Tag
No Tags, Be the first to tag this record!

MARC

LEADER 00000naa a2200000 4500
001 r033997
005 20230919084213.0
041 0 |a slo 
044 |a SK 
245 1 0 |a Pracovný poriadok 
520 |a Pracovný poriadok ako právny dokument, ktorý podrobnejšie rozvádza ustanovenia Zákonníka práce podľa podmienok jednotlivých zamestnávateľov, pracovísk a pod. Pracovný poriadok upravuje práva a povinnosti vyplývajúce z pracovného pomeru. Vydávanie pracovných poriadkov zamestnávateľmi na základe ­ 82 Zákonníka práce. Vzorový návrh pracovného poriadku. 
610 2 0 |a poriadok pracovný 
610 2 0 |a vzťahy pracovnoprávne 
610 2 0 |a predpisy pracovnoprávne 
610 2 0 |a zákonník práce 
610 2 0 |a zamestnávatelia 
610 2 0 |a zamestnanci